[Event "Bundesliga 0405"]
[Site "Germany"]
[Date "2004.12.11"]
[Round "5.2"]
[White "Naiditsch, Arkadij"]
[Black "Hickl, Joerg"]
[Result "1-0"]
[WhiteElo "2611"]
[BlackElo "2530"]
[Annotator "Erenburg,S"]
[PlyCount "135"]
[EventDate "2004.11.12"]
[EventType "team-tourn"]
[EventRounds "15"]
[EventCountry "GER"]
[SourceTitle "CBM 105"]
[Source "ChessBase"]
[SourceDate "2005.04.11"]
[SourceVersion "1"]
[SourceVersionDate "2005.04.11"]
[SourceQuality "1"]
[WhiteTeam "Katernberg"]
[BlackTeam "Hofheim"]
[WhiteTeamCountry "GER"]
[BlackTeamCountry "GER"]

1. e4 g6 2. d4 Bg7 3. Nc3 d6 4. Be3 a6 5. Qd2 b5 {Another possible
continuation is} (5... Nd7 {0-1 Shaw,J-Radjabov,T/Plovdiv 2003/CBM 98/
[Erenburg] (33)}) 6. h4 {White provokes Black to play h7-h5, that will allow
him to occupy the g5 square. There are the following alternatives:} (6. Bd3 {
1-0 Berezovsky,I-Hickl,J/Germany 2004/CBM 100_01/[Erenburg] (30)}) (6. f3 {
1-0 Naiditsch,A-Tischbierek,R/Altenkirchen 2001/CBM 87/[Gofshtein,L] (28)}) (6.
a4 {0-1 Bitansky,I-Kantsler,B/Tel Aviv 2002/CBM 93/[Finkel,A] (31)}) (6. Nf3 {
0-1 Krylov,S-Azmaiparashvili,Z/Istanbul 2000/EXT 2001/[Finkel,A] (29)}) (6.
Nge2 {1-0 Miladinovic,I-Barlov,D/Tivat 1994/CBM 43/[Stohl] (42)}) 6... h5 (6...
h6 $6 {1-0 Adams,M-Hodgson,J/Southend 2001/CBM 83/[Rabinovich,Al] (27)}) 7. f3
{White covers the g4 square, and plans to occupy the g5 stronghold with the
knight via h3. White tried also:} (7. Nh3 Nd7 8. d5 Ngf6 9. f3 Bb7 10. O-O-O c6
11. dxc6 Bxc6 12. Nf4 Qa5 13. Kb1 Rc8 $132 {0-1 Padeiro,J-Komljenovic,D/Lisbon
2000/EXT 2001 (57)}) (7. Nf3 Nf6 8. Ng5 Ng4 9. Bf4 f6 10. Nh3 e5 11. dxe5 dxe5
12. Qxd8+ Kxd8 13. Bd2 c6 14. a4 Bb7 15. f3 Nh6 16. Nd1 Bf8 17. Nhf2 Nd7 18. b4
Nf7 19. Nb2 Kc7 $14 {1/2-1/2 Adams,M-Piket,J/Germany 2001/CBM 82 ext (54)})
7... Nf6 {Black doesn't hurry to develop his queenside knight to d7, but waits
for white's Nh3, in order to change his light-squared bishop.} (7... Nd7 {
1-0 Naiditsch,A-Tischbierek,R/Altenkirchen 2001/CBM 87/[Gofshtein,L] (28)}) 8.
O-O-O (8. Nh3 {is met by} Bxh3 $5 9. Rxh3 Nbd7 10. Kf2 c5 11. Kg1 cxd4 12. Bxd4
O-O 13. g3 Ne5 $132 {1/2-1/2 Morrison,W-Benjamin,J/Philadelphia 1998/EXT 2000 
(34)}) 8... Nc6 $146 {According to my database, this position appeared for the
first time. In the preceding games black tried:} (8... Nbd7 9. Nh3 Nb6 10. Bd3
b4 11. Ne2 a5 12. Nf2 c6 13. Kb1 Qc7 14. e5 Nfd5 15. exd6 exd6 16. Bg5 Be6 $132
{1/2-1/2 Adams,M-Speelman,J/Hastings 1989/TD (34)}) (8... b4 9. Nce2 a5 10. Nf4
Nc6 11. Bb5 Bd7 12. Ngh3 e5 13. Bxc6 Bxc6 14. dxe5 dxe5 15. Nd3 Nd7 16. Ng5 $14
{1-0 Novgorodskij,V-Newerovski,G/Kstovo 1994/CBM 42 ext (33)}) 9. Nge2 Bb7 {
After white played Nge2, Black can fianchette his light-squared bishop. Also,
Black isn't afraid of white's d4-d5, as it will open the long diagonal for the
dark-squared bishop.} 10. Nd5 $1 {White has a development advantage, therefore,
he is willing to open up the game.} (10. Bg5 {comes to consideration.}) 10...
Nxd5 11. exd5 Nb8 12. Bg5 $1 {White needs the bishop on g5 to press black's e7
pawn.} Nd7 (12... Bxd5 13. Nf4 $40 {[%cal Yd1e1]}) 13. Nf4 Nf6 14. Re1 Qd7 {
Currently, Black cannot castle short, therefore, he prepares an option of
castling queenside. I think, it was very smart decision by Hickl... He
provokes white to develop his light-squared bishop to h3, where it is located
worse than on d3.} (14... O-O 15. g4 hxg4 16. h5 $40) (14... c6 15. Bd3 Qd7 16.
Re3 O-O-O 17. dxc6 Bxc6 18. d5 Bb7 19. Rhe1 $16) 15. g3 {preventing Black to
castle queenside.} (15. Bd3 $16 {In my opinion, d3 is a better location than
h3 for White's light-squared bishop.} O-O-O 16. Re2 Rhe8 17. Rhe1 $16 {and
White has a serious pressure along the "e" file.}) 15... c6 16. Bh3 Qc7 17.
dxc6 Qxc6 18. d5 Qc4 ({Bad is} 18... Nxd5 19. Nxd5 Qxd5 20. Rxe7+ Kf8 21. Qa5
$16) 19. Kb1 Bc8 {Black's light-squared bishop has nothing to do on the long
diagonal after white played d4-d5. Therefore, the german grandmaster transfers
it to the diagonal c8-h3.} (19... Nxd5 {doesn't equalize:} 20. Nxd5 Bxd5 21.
Rxe7+ Kf8 22. b3 Qc3 23. Qxc3 Bxc3 24. Re3 $16) 20. Bf1 Qc5 21. Bd3 Ra7 {
threatening with the capture on d5.} 22. b4 $5 {driving away the knight from
c5.} (22. Nxg6 $5 {deserves attention, but it leads to an unclear position:}
fxg6 23. Be3 Qc7 24. Bxa7 Qxa7 25. Bxg6+ Kf8 $13) 22... Qc7 23. Re3 {The
d5-pawn is not under attack anymore, therefore, White can consolidate his
heavy pieces along the "e" file.} a5 $1 {After White played 22.b4, Black opens
the "a" file, thus, he creates counterplay on the queenside.} (23... O-O 24. g4
hxg4 25. h5 $40) 24. Bxb5+ Bd7 25. Bxd7+ Qxd7 26. Rhe1 O-O $1 {After White's
kingside rook was transfered from h1, it is the right moment to castle!} ({
Worse is} 26... Qa4 27. Qd4 Qxb4+ (27... axb4 28. Bxf6 $18) 28. Qxb4 axb4 29.
Rb3 $16) 27. Qe2 $2 {After this move, White's position becomes unpleasant...} (
{Better was} 27. Rxe7 Qxe7 28. Rxe7 Rxe7 29. b5 Rfe8 30. c4 Re1+ 31. Kc2 Rf1
$13) 27... Rb7 28. b5 Rxb5+ 29. Rb3 Rfb8 (29... Nxd5 $5 {seems strong enough
as well:} 30. Nxd5 Rxd5 31. Qxe7 Qc6 $17 {[%cal Yf8c8]}) 30. Qxe7 (30. Kc1 {
doesn't lead to anything good for white:} Rxb3 $1 31. axb3 a4 $1 32. Qxe7 Re8
33. Bxf6 (33. Qxd7 Rxe1+ 34. Kd2 Nxd7 35. Kxe1 a3 $19) 33... Rxe7 34. Rxe7 Qc8
35. Bxg7 axb3 $19) 30... Rxb3+ 31. axb3 {[%tqu "En","Please find the best move
for black.","","","b8e8","",10]} Re8 $1 32. Bxf6 (32. Qxd7 Rxe1+ $19) 32...
Rxe7 33. Rxe7 Qb5 34. Bxg7 Qf1+ 35. Kb2 Kxg7 36. Rd7 (36. Ne6+ {is parried by}
Kf6 $19) 36... Qxf3 $2 {Throwing away the advantage... Black should have
prevented from White to activate the knight with:} (36... Kf8 $1 37. Rxd6 Qxf3
38. Rc6 Qxg3 39. Rc4 Ke7 $19) 37. Ne6+ Kh6 38. Ng5 Qxg3 39. Nxf7+ Kg7 40. Nxd6+
{White had already a draw after} (40. Ng5+ Kf8 (40... Kg8 41. Rd8+ $11) (40...
Kf6 $4 41. Ne4+ $18) (40... Kh6 41. Rh7#) 41. Nh7+ $11) 40... Kf8 41. Rd8+ Ke7
42. Nb7 {Now white's "d" pawn is extremely dangerous. But, objectively, Black
still isn't worse here.} Qxh4 43. d6+ Kf7 (43... Ke6 44. Re8+ Kf6 45. Rf8+ Kg7
46. Rc8 Qd4+ 47. Ka2 $11) 44. Rd7+ Ke6 45. Re7+ Kd5 46. Rc7 (46. d7 {leads to
a draw:} Qxe7 47. d8=Q+ Qxd8 48. Nxd8 h4 49. Nf7 h3 50. c4+ Kc5 51. Ng5 h2 52.
Ne4+ $11) 46... Qd4+ (46... Qf4 {- see 47...Qh4.}) 47. c3 Qf2+ (47... Qf4 48.
d7 Qxc7 49. d8=Q+ Qxd8 50. Nxd8 h4 51. Nf7 h3 52. c4+ Kc5 53. Ng5 h2 54. Ne4+
Kd4 55. Ng3 g5 56. Nh1 g4 57. b4 $1 axb4 58. Kb3 Ke4 59. c5 Kf4 60. c6 g3 61.
Nxg3 Kxg3 62. c7 h1=Q 63. c8=Q $11) 48. Ka3 Qb6 (48... Qf1 49. Ka4 $18) 49. d7
Qxc7 50. d8=Q+ Qxd8 51. Nxd8 {[%mdl 4096] From now, almost each move was
mistake... Probably, the opponents were in heavy time trouble.} g5 $4 ({
Black should have played} 51... h4 $1 {, in order to get a draw:} 52. Nf7 $1 (
52. c4+ Ke5 53. Nf7+ Kf4 $18) 52... h3 53. c4+ Kc5 (53... Kd4 $4 54. Ng5 $18)
54. Ng5 h2 55. Ne4+ Kd4 56. Ng3 g5 57. Ka4 g4 58. Nh1 (58. c5 Kxc5 59. Kxa5 Kd5
60. b4 Ke5 61. b5 Kf4 62. b6 Kxg3 63. b7 $11) 58... Ke5 59. c5 Kf4 60. c6 g3
61. Nxg3 Kxg3 62. c7 h1=Q 63. c8=Q Qa1+ $11) 52. c4+ $1 Ke5 53. Nf7+ $4 {
Now it is White's turn to miss a victory:} (53. Nc6+ Ke4 54. Nxa5 h4 (54... g4
55. c5 Kd5 56. c6 Kd6 57. Nc4+ Kxc6 58. Ne3 $18) 55. c5 Kd5 56. c6 Kd6 57. Nc4+
Kxc6 58. Ne3 $18) 53... Kf6 54. Nd6 Ke5 55. c5 g4 $4 {Again, Black pushes
forward the wrong pawn!} ({Better is} 55... h4 $1 56. Nf7+ (56. Ne4 g4 (56...
h3 57. Nxg5 $18) 57. c6 g3 (57... Ke6 58. Nf6 Kd6 59. Nxg4) 58. c7 g2 59. Ng5
g1=Q 60. Nf3+ Kd6 61. Nxg1 Kxc7 $11) 56... Kd5 57. Nxg5 Kxc5 58. Ka4 Kb6 59.
Nh3 Ka6 $11 {with draw.}) 56. Nc4+ $4 ({White could win after} 56. Ka4 g3 57.
Nc4+ Kd4 58. c6 g2 59. c7 g1=Q 60. c8=Q $18) 56... Kd5 57. b4 g3 58. Ne3+ Kc6
59. Nf5 (59. Ng2 Kb5 $11) 59... g2 $4 {Black misses white's knight transfer to
g1, and loses the game...} ({Black had a simple draw after} 59... Kb5 60. Nd6+
(60. Nd4+ Kc4 61. c6 axb4+ 62. Ka4 Kxd4 63. c7 g2 64. c8=Q g1=Q 65. Qd7+ $11)
60... Kc6 61. Nf5 $11) 60. Nd4+ Kd5 61. Ne2 h4 62. Ng1 axb4+ 63. Kxb4 Kc6 64.
Kc4 Kc7 65. Kd5 Kd7 66. c6+ Kc7 67. Kc5 Kc8 68. Kd6 1-0

[Event "EU-Cup 19th"]
[Site "Rethymno"]
[Date "2003.09.28"]
[Round "1.1"]
[White "Mueller, Karsten"]
[Black "Azmaiparashvili, Zurab"]
[Result "0-1"]
[WhiteElo "2521"]
[BlackElo "2702"]
[Annotator "Erenburg,S"]
[PlyCount "90"]
[EventDate "2003.09.28"]
[EventType "team-swiss"]
[EventRounds "7"]
[EventCountry "GRE"]
[SourceTitle "CBM 098"]
[Source "ChessBase"]
[SourceDate "2004.02.03"]
[SourceVersion "1"]
[SourceVersionDate "2004.02.03"]
[SourceQuality "1"]
[WhiteTeam "Gleisdorf"]
[BlackTeam "Kiseljak"]
[WhiteTeamCountry "AUT"]
[BlackTeamCountry "BIH"]

1. e4 d6 2. d4 g6 3. Nc3 Bg7 4. Be3 a6 5. a4 Nf6 6. h3 {covering the g4 square,
and maybe preparing to play g2-g4. Other possibilities are:} (6. Qd2 Nc6 7. Nf3
{1/2-1/2 Atalik,S-Benjamin,J/San Francisco 1998/CBM 66/[Yudasin,L] (41)}) (6.
f3 O-O 7. Qd2 Nc6 8. Bc4 e5 9. d5 Ne7 10. Nge2 Kh8 11. O-O-O Bd7 12. Qd3 Qe8
13. a5 Nc8 14. g4 $14 {1/2-1/2 Schmittdiel,E-Shchekachev,A/Bad Zwesten 1998/
EXT 2000 (44)}) 6... O-O 7. g4 {Another logical way to fight for an advantage
is} (7. f4 {0-1 Thorhallsson,T-Petursson,M/Munkebo 1998/CBM 67/[Yudasin,L] (36)
}) 7... c5 $146 {According to my database, this position appeared for the
first time. Black chooses to attack white's center with "c" pawn, while more
typical is} (7... e5 8. dxe5 dxe5 9. g5 Qxd1+ $2 (9... Nfd7 $14) 10. Rxd1 Nh5
$2 (10... Ne8 11. Bc5 Nd6 12. Nd5 $18) (10... Nfd7 11. Nd5 $142 $16) 11. Nd5
$18 {1-0 Kharlov,A-Rustemov,A/Elista 1995/CBM 50 (43)}) 8. dxc5 (8. d5 {
After this move white gets some space advantage. On the other hand, black's
dark-squared bishop becomes very active, which will help black to create a
counterplay on the queenside.}) 8... Qa5 9. Bg2 dxc5 10. Nge2 ({Immediate} 10.
e5 {is quite strange, as white still didn't complete the development. But this
move is an interesting one:} Nfd7 11. f4 g5 $1 12. Nf3 (12. Qe2 gxf4 13. Bxf4
Nc6) 12... gxf4 13. Bxf4 Nc6 $15) 10... Rd8 ({Deserves attention.]:} 10... Nc6)
11. Qc1 $6 {More logical was} (11. Bd2 $5 Rd7 (11... Qc7 12. g5 Nfd7 13. Nd5
$14) (11... Qb6 12. e5 Ne8 13. Nd5 Qe6 14. Bc3 $1 $16 {[%cal Ge2f4]}) 12. e5
Ne8 13. f4 $14) 11... Nc6 12. O-O h5 {weakening white's kingside.} (12... Nd4 {
comes to consideration.}) 13. g5 Ne8 {transfering the knight to d6.} 14. f4 (
14. Nd5 Rd7 (14... e6 $5 15. Bd2 Nb4)) 14... Nd6 15. Bd2 ({White gets nothing
after} 15. Nd5 Nc4 16. c3 Be6 $11) 15... Nc4 16. Be1 Nd4 17. Rf2 ({Worth
consideration} 17. e5) (17. b3 Nd2 $1 $13) 17... Re8 {setting free the d8
square for a queen.} 18. b3 Nd6 19. e5 (19. Nd5 Qd8) 19... N6f5 20. Nd5 Qd8 21.
a5 $6 {taking control over the a5 and b6 squares.} ({Probably better was} 21.
Nxd4) 21... Nh4 $1 ({Worse is} 21... Nxe2+ 22. Rxe2 Nd4 23. Rf2 (23. Re3 Bf5
24. Ra2 Bxh3 25. Nxe7+ Qxe7 26. Bxh3 Rad8) 23... Bxh3 24. Nxe7+ Qxe7 25. Bxh3
$14) 22. Bh1 ({Worse is} 22. Nb6 {, due to} Nxg2 23. Nxa8 (23. Kxg2 Rb8 $15)
23... Nxe2+ 24. Rxe2 Bxh3 25. Kh2 (25. Nb6 Qd4+) 25... Qd7 26. Nb6 Qg4 $15)
22... Nhf3+ $1 {eliminating white's light-squared bishop, which is the key
defender.} 23. Bxf3 Nxf3+ 24. Rxf3 Qxd5 25. Qe3 Bf5 (25... b5 26. axb6 Bb7 27.
Rg3 h4 28. Rg4 Qf3 29. Qxf3 Bxf3 30. Nc3 Bxg4 31. hxg4 f6 32. Bxh4 fxe5 33. f5
$14) (25... Qc6 $5 {[%cal Gb7b5]}) 26. c4 Qc6 $15 {Black's position is
slightly better, thanks to a very active light-squared bishop.} 27. Nc3 (27.
Ng3 Bxh3 28. Nxh5 Bg4 29. Nxg7 Kxg7 30. Rg3 Rh8 $40) 27... Rad8 28. Qe2 {
parrying the threat of Rd3.} (28. Nd5 $2 e6 29. Nf6+ Bxf6 30. gxf6 Rd3 $17) (
28. Rd1 Rxd1 29. Nxd1 Rd8 $15) 28... f6 $1 {Of course, black opens the game,
as he has a pair of bishops.} 29. Nd5 (29. Re3 fxg5 30. fxg5 e6 $15) 29... Be6
$2 {After this move black's position becomes worse...} ({Why not} 29... fxe5
30. Rd1 (30. fxe5 Qe6 31. Bc3 Bxh3 $17) 30... Kh7 (30... exf4 $2 31. Nxe7+ $1)
(30... Rd7 31. fxe5 Qe6 $15) 31. fxe5 Qe6 $15) (29... fxg5 30. Rd1 $1) 30. Rd1
$1 {[%cal Gd5e7]} Qc8 (30... Bxd5 31. cxd5 Rxd5 32. Rxd5 Qxd5 33. exf6 $16) ({
After} 30... Rd7 {white has a strong reply:} 31. f5 $3 gxf5 (31... Bxf5 32.
exf6 $18) 32. exf6 exf6 33. gxf6 Rxd5 34. Rg3 $16) 31. Qd3 $2 {missing much
more attractive continuation:} (31. gxf6 exf6 (31... Bxd5 32. cxd5 exf6 33. e6
$16 (33. Bc3 $16)) 32. Qg2 $1 $16) 31... Kh7 32. gxf6 exf6 33. Bh4 ({Black is
OK after} 33. exf6 Bxd5 34. cxd5 Bxf6 35. f5 Bd4+ 36. Kh1 Rxd5 37. fxg6+ Kg8)
33... Rxd5 $2 ({Better was to sacrifice the exchange, but to get a pair of
very active bishops in the following way:} 33... fxe5 34. Bxd8 Qxd8 35. fxe5
Bxe5 $13) 34. cxd5 Bf5 35. Qf1 $6 {The queen on f1 will be passive.} (35. Qc4 {
was more logical.} fxe5 (35... Bxh3 36. e6) 36. fxe5 Rxe5 37. d6 Qd7 38. Bg3
Qc6 $1 39. Kf2 Re4 40. Qf7 Qb5 41. Rdd3 $1 $14) 35... fxe5 36. fxe5 Rxe5 37. d6
Qd7 38. Be7 $2 {It appears, that the bishop has nothing to do on e7?} ({
g3 was better place for it:} 38. Bg3 Re8 (38... Bxh3 39. Rf7 Qg4 40. Qf3 $18)
39. Kh2 Bd4 40. h4 $1 $14) 38... Re4 39. Rd5 Bd4+ 40. Kh1 $4 {Probably the
typical time-trouble mistake...} ({Of course, the king is located better on
the 2-nd rank, as black hasn't resourse of Re1.} 40. Kh2 Qe6 (40... Be5+ 41.
Kg1 $11) (40... Re5 41. Rxf5 gxf5 42. Qf3 Qe6 43. Qxh5+ Kg7 44. Qg5+ $11) 41.
Rfxf5 $8 Re2+ 42. Kg3 Re3+ 43. Rf3 (43. Kh2 $11) (43. Kg2 $11) (43. Kh4 Re4+
$11 44. Kg5 $4 Be3+ $19) 43... Qxd5 44. Rxe3 Bxe3 45. Qf3 h4+ 46. Kg2 Qd2+ 47.
Kf1 Bf4 $15) (40. Rxd4 cxd4 41. Qc4 Re6 $1 $15) 40... Qe6 $1 $19 {[%cal Ge4e1,
Ge6d5] White loses, as he cannot parry so many threats.} 41. d7 {Other
continuations lose as well:} (41. Rfxf5 Re1 42. Rf7+ Kg8 43. Rf8+ Kg7 44. Rf7+
Qxf7 45. Qxe1 Qxd5+ 46. Kh2 Be5+ 47. Kg1 Bxd6 $19) (41. Rxd4 Rxd4 $19 (41...
cxd4 $2 42. Qc4) (41... Re1 42. Rd1 Rxf1+ 43. Rdxf1 Be4 $19)) 41... Re1 42.
Rxd4 Be4 43. Qxe1 (43. Kh2 Rxf1 44. Rxf1 Qe5+) (43. Rxe4 Rxf1+ 44. Rxf1 Qxe4+
45. Kh2 (45. Kg1 Qd4+ $19) 45... Qe5+ 46. Kg2 Qd5+ $19) 43... Bxf3+ 44. Kh2
Qxe1 45. Bh4 Qe5+ 0-1

[Event "RUS-ch 56th"]
[Site "Krasnoyarsk"]
[Date "2003.09.09"]
[Round "6"]
[White "Smirnov, Pavel"]
[Black "Tseshkovsky, Vitaly"]
[Result "0-1"]
[WhiteElo "2629"]
[BlackElo "2538"]
[Annotator "Erenburg,S"]
[PlyCount "58"]
[EventDate "2003.09.03"]
[EventType "swiss"]
[EventRounds "9"]
[EventCountry "RUS"]
[SourceTitle "CBM 098"]
[Source "ChessBase"]
[SourceDate "2004.02.03"]
[SourceVersion "1"]
[SourceVersionDate "2004.02.03"]
[SourceQuality "1"]

1. e4 d6 2. d4 g6 3. Nc3 Bg7 4. Bg5 a6 5. Nf3 {There are some other
theoretical continuations:} (5. Qd2 b5 (5... Nd7 6. f4 b5 7. Nf3 Bb7 8. a4 b4
9. Nd5 Bxd5 10. exd5 Ngf6 11. Bxf6 Nxf6 12. Qxb4 Nxd5 13. Qb7 e6 14. Qc6+ Ke7
15. g3 Rb8 16. b3 Rb6 17. Qc4 c5 $15 {1/2-1/2 Stevic,H-Smirin,I/4th IECC,
Istanbul TUR 2003 (53)}) 6. a4 $5 {1-0 Turov,M-Franco Ocampos,Z/Linares 2001/
CBM 81/[Finkel,A] (35)} (6. f3 Nd7 7. h4 c5 8. dxc5 Nxc5 9. h5 Be6 10. h6 Be5
11. Nge2 $14 {Milu,R-Zaitsev,I/Ciocaltea mem 1994}) (6. Nf3 Bb7 7. a4 (7. Bd3
c5 8. dxc5 dxc5 9. O-O-O c4 10. Be2 Qxd2+ 11. Nxd2 Nd7 $11 {Yakovich,
Y-Azmaiparashvili,Z/New York PCA-op 1994}) 7... b4 8. Nd5 a5 9. Bd3 Nd7 10. Ne3
Ngf6 11. Bxf6 Bxf6 12. Qe2 Bg7 13. c3 $11 {Zelcic,R-Tkachiev,V/CRO-chT 1998}) (
6. O-O-O Bb7 7. f4 Nd7 8. e5 f6 9. exf6 Ngxf6 10. Nf3 O-O 11. Qe1 c5 12. Qh4 b4
$36 {Jaracz,P-Sznapik,A/POL-ch 1991})) (5. f4 {0-1 Bobras,P-Urban,K/Koszalin
1999/CBM 73/[Finkel,A] (34)}) 5... h6 {Black forces white to define the
position of dark-squared position as soon as possible. Black also tried the
following moves:} (5... Nd7 {1-0 Rublevsky,S-D'Amore,C/Istanbul 2000/EXT 2001/
[Finkel,A] (16)}) (5... b5 {1-0 Magem Badals,J-Tkachiev,V/Las Vegas 1999/CBM
72/[Gershon] (42)}) (5... Bg4 $6 {1-0 Sutovsky,E-Azmaiparashvili,Z/Moscow 2002/
CBM 90/[Finkel,A] (24)}) 6. Bh4 {After black played h7-h6, it is logical to
transfer the bishop to e3 with possible pressure on the h6 pawn with Qd2.} (6.
Be3 Nc6 7. h3 Bd7 8. Qd2 e6 9. O-O-O Nce7 10. g4 b5 11. Bg2 b4 12. Ne2 $16 {
1/2-1/2 Istratescu,A-Badea,B/Bucharest 2000/CBM 79 ext (23)}) 6... b5 {Black
occupies some space on the queenside, and, at the same time he is going to
fianchette his light-squared bishop. Other possiblities are:} (6... Bg4 7. Bc4
(7. Be2) 7... g5 8. h3 Bxf3 9. Qxf3 e6 10. Bg3 Bxd4 11. e5 Bxc3+ 12. bxc3 d5 {
1/2-1/2 Magem Badals,J-Bricard,E/Montpellier 2002/CBM 86 ext (26)}) (6... Nd7
7. a4 b6 8. Bc4 g5 $2 9. Bxg5 hxg5 10. Bxf7+ Kxf7 (10... Kf8 11. Bd5 c6 12.
Nxg5 Ndf6 13. Bxc6 $16 {/+-}) 11. Nxg5+ Kg6 12. Ne6 $18 {1-0 Rublevsky,
S-Chepukaitis,G/St Petersburg 2001/CBM 82 (34)}) 7. a4 $146 {This move was
played for the first time. White tries immediately to punish black for his
opening strategy- pushing forward pawns instead of to complete the development
of the pieces. In the previous game white continued with logical} (7. Bd3 g5 8.
Bg3 g4 9. Nh4 Nc6 10. e5 d5 11. Ne2 h5 12. c3 e6 13. h3 Bh6 14. f4 Bd7 15. f5
$16 {1-0 Dydyshko,V-Levin,N/Kharkov 1967/URS-ch (28)}) 7... b4 8. Nd5 a5 9. e5
{Responsible decision. White limits the possibilities of black's dark-squared
bishop, and, generally, disturbs black to complete the development. The idea
is interesting, but black can create some counterplay...} ({Maybe stronger was
} 9. Bc4 $5 c6 10. Ne3 Nf6 11. e5 Nh5 12. O-O O-O (12... g5 13. Bg3 O-O 14.
Nxg5 $5 Nxg3 15. Nxf7 Rxf7 16. Bxf7+ Kxf7 17. fxg3+ Kg8 18. Qh5 $14) (12...
dxe5 13. Nxe5 Bxe5 14. dxe5 Qxd1 15. Raxd1 g5 16. Bg3 Nd7 17. e6 fxe6 18. Bxe6
Nxg3 19. fxg3 Nf6 20. Bxc8 Rxc8 21. Rf5 $14) 13. Re1 $14 (13. Bb3 $14)) 9...
dxe5 10. dxe5 Bb7 {Now black starts with counterplay- he attacks white pieces,
that some of them are located quite vulnerable...} 11. Bc4 g5 $1 {Very
important move, which allows black to drive away white pieces from their
active positions.} (11... Nd7 $2 12. Qe2 $16 g5 $2 13. e6 $1 $18) (11... Nc6
12. Qe2) 12. Bg3 e6 13. Ne3 Qxd1+ {After a trade of queens, black's position
is probably not worse.} 14. Rxd1 Nd7 ({Black could worsen white's pawn
structure immediately, that seems to me stronger, than the move in the game:} 
14... Bxf3 15. gxf3 Ne7 16. Bb5+ (16. Bd3 Nd7 17. Nc4 Nc6 18. Be4 Ra6 $15)
16... c6 17. Bd3 Nd7 $15) 15. Bb5 (15. Be2 Ne7 {and black is at least not
worse.}) 15... O-O-O 16. Nc4 ({I think, white had to equalize the position with
} 16. h4 Bxf3 (16... Ne7 17. hxg5 Bxf3 18. gxf3 hxg5 {-16...Bxf3.}) 17. gxf3
Ne7 18. hxg5 hxg5 19. Rxh8 Bxh8 20. Nc4 Nb8 $11) 16... Ne7 17. Nxa5 (17. Bxd7+
Rxd7 18. Nxa5 Rxd1+ 19. Kxd1 Bd5 $1 $15 {[%cal Ye7f5,Gg5g4]}) 17... Bxf3 18.
gxf3 $2 {After this move white's position becomes very difficult. He remains
with very passive dark-squared bishop and with numeral pawn weaknesses .} ({
It was necessary to eliminate the knight with} 18. Bxd7+ $1 Rxd7 19. gxf3 Rxd1+
20. Kxd1 Ng6 21. Nc4 Rd8+ 22. Kc1 h5 23. h3 h4 24. Bh2 Rd4 25. b3 Nf4 $15 {
, but, anyway, black's chances are preferable here.}) 18... Nxe5 $17 {Black
has got quite an obvious advantage, thanks to better pawn structure and more
active pieces. The difference in the location of dark-squared bishops is one
of the main factors, that defines black's advantage.} 19. Ke2 (19. Bxe5 Bxe5
$17) 19... N5g6 $1 20. Nc4 (20. Rb1 f5 21. h4 f4 22. Bh2 $17) 20... f5 21. Nb6+
{loses the bishop. But after the following continuations white's situation is
very tough as well.} (21. h4 f4 22. Bh2 c6 23. Ba6+ Kc7 $17 {[%cal Gd8a8] /-+})
(21. h3 f4 22. Bh2 c6 23. Ba6+ Kc7) 21... Kb7 (21... cxb6 $4 22. Ba6#) 22. Nd7
f4 23. Nc5+ Kb8 24. Nxe6 $2 {loses immediately.} ({More resistant was} 24.
Rxd8+ Rxd8 25. Nxe6 Rg8 26. Nxg7 Rxg7 $17) 24... Rxd1 25. Rxd1 Bxb2 $19 {
White loses a bishop and doesn't get any compensation for it, so the rest is
an easy job for black.} 26. Rd7 Be5 27. Bd3 Bd6 28. a5 Kb7 29. a6+ Kb8 (29...
Kb8 30. a7+ Kxa7 (30... Kb7 31. Nd8+ Rxd8 32. Rxd8) 31. Nxc7 Bxc7 32. Rxc7+ Kb6
$19) 0-1